Textbook of polymer science 3rd (Record no. 565772)
[ view plain ]
| 000 -LEADER | |
|---|---|
| fixed length control field | 00526nam a2200145Ia 4500 |
| 008 - FIXED-LENGTH DATA ELEMENTS--GENERAL INFORMATION | |
| fixed length control field | 210430s9999 xx 000 0 und d |
| 020 ## - INTERNATIONAL STANDARD BOOK NUMBER | |
| International Standard Book Number | 9788126511105 |
| 082 ## - DEWEY DECIMAL CLASSIFICATION NUMBER | |
| Classification number | 668.9 B5951T |
| 100 ## - MAIN ENTRY--PERSONAL NAME | |
| Personal name | Billmeyer, Fred W. |
| 9 (RLIN) | 54882 |
| 245 ## - TITLE STATEMENT | |
| Title | Textbook of polymer science 3rd |
| Statement of responsibility, etc. | Billmeyer, Fred W. |
| 260 ## - PUBLICATION, DISTRIBUTION, ETC. | |
| Place of publication, distribution, etc. | New York, |
| Name of publisher, distributor, etc. | Wiley-Interscience |
| Date of publication, distribution, etc. | 1994 |
| 300 ## - PHYSICAL DESCRIPTION | |
| Extent | xiv, 598 p. |
| 856 ## - ELECTRONIC LOCATION AND ACCESS | |
| Uniform Resource Identifier | <a href="http://www.loc.gov/catdir/enhancements/fy0607/78142713-d.html | http://www.loc.gov/catdir/enhancements/fy0607/78142713-t.html">http://www.loc.gov/catdir/enhancements/fy0607/78142713-d.html | http://www.loc.gov/catdir/enhancements/fy0607/78142713-t.html</a> |
| 942 ## - ADDED ENTRY ELEMENTS (KOHA) | |
| Koha item type | Reference |
| Source of classification or shelving scheme | |
| Withdrawn status | Lost status | Damaged status | Not for loan | Permanent Location | Current Location | Shelving location | Date acquired | Total Checkouts | Full call number | Barcode | Date last seen | Price effective from | Koha item type |
|---|---|---|---|---|---|---|---|---|---|---|---|---|---|
| School of Chemical & Materials Engineering (SCME) | School of Chemical & Materials Engineering (SCME) | Reference | 12/16/8 | 668.9 B5951T | SCME-4721 | 04/30/2021 | 04/30/2021 | Reference |
